=LDR 00000nam 2200000 4500 =001 INLIS000000000054910 =005 20200303081247 =035 ##$$a 0010-0320000017 =007 ta =008 200303###########################0#ind## =020 ##$$a 978-979-045-791-1 =082 ##$$a 338.04 =084 ##$$a 338.04 Deb c =245 1#$$a Chefpreneur Junior : $b Serunya Menghasilkan Uang dari Dapur /$c Debby Lukito Goeyardi, Patricia Cornelia Fei Goeyardi, Vanessa Monica Fei Goeyardi =250 ##$$a Cet 1 =300 ##$$a 96 halaman : $b Ilustrasi ; $c 26 Cm. =650 #4$$a Menggambar =700 #$$a Editor : Yenny Sputri =264 ##$$a Solo :$b Tiga Ananda,$c 2014 =336 ##$$a teks$2 rdacontent =337 ##$$a lain-lain$2 rdamedia =338 ##$$a lain-lain$2 rdacarrier =990 ##$$a 03040304 =990 ##$$a 03040304 =990 ##$$a 03040304 =990 ##$$a 03040304